| 000 | 00535nam a22001697a 4500 | ||
|---|---|---|---|
| 005 | 20240123070442.0 | ||
| 008 | 240123b |||||||| |||| 00| 0 eng d | ||
| 020 | _a040900409 X | ||
| 041 | _aEnglish | ||
| 082 | _a349 JOU | ||
| 100 | _lEnglish | ||
| 245 |
_aThe Law of South Africa : Cumulative Supplement 1986 / _cedited by JA Faris |
||
| 260 |
_aDurban : _bButterworth Publishers (Pty) Ltd, _c1986 |
||
| 300 |
_bxx, 708 pages ; _c26,3 cm. |
||
| 650 |
_aLegal practice _bLaw |
||
| 942 |
_cBK _6ALISON_BN_VRIES |
||
| 999 |
_c1279 _d1279 |
||